Southville International School and Colleges
Your cart is empty.
  • Cart
  • Lists
    Public lists Eva Luna New books Lux_list list_1
    Your lists Log in to create your own lists
  • Log in to your account
  • Your cookies
  • Search history
Southville International School and Colleges
  • Advanced search
  • Recent comments
  • Most popular
  • Libraries

Log in to your account

Log in with GOOGLE


If you do not have an external account, but do have a local account, you can still log in:

  1. Home
  2. MARC view: Make the connection :
Normal view MARC view ISBD view

Make the connection : (Record no. 39223)

[ view plain ]
MARC details
000 -LEADER
fixed length control field 00606nam a2200205 a 4500
005 - DATE AND TIME OF LATEST TRANSACTION
control field 20140311163002.0
008 - FIXED-LENGTH DATA ELEMENTS--GENERAL INFORMATION
fixed length control field 020820s19uu xx 00 eng d
020 ## - INTERNATIONAL STANDARD BOOK NUMBER
International Standard Book Number 0786882980
050 ## - LIBRARY OF CONGRESS CALL NUMBER
Classification number GV 481
Item number .G746 1996
100 ## - MAIN ENTRY--PERSONAL NAME
Personal name Greene, Bob
245 ## - TITLE STATEMENT
Title Make the connection :
Remainder of title 10 steps to a better body and better life /
Statement of responsibility, etc Bob Greene.
260 ## - PUBLICATION, DISTRIBUTION, ETC. (IMPRINT)
Place of publication, distribution, etc United States :
Name of publisher, distributor, etc Paperback :
Date of publication, distribution, etc 23 cm.
300 ## - PHYSICAL DESCRIPTION
Extent 240 p. :
Other physical details col. ill. ;
Dimensions 24 cm.
521 ## - TARGET AUDIENCE NOTE
Target audience note
650 ## - SUBJECT ADDED ENTRY--TOPICAL TERM
Topical term or geographic name as entry element Physical fitness
650 ## - SUBJECT ADDED ENTRY--TOPICAL TERM
Topical term or geographic name as entry element Physical fitness
General subdivision psychological aspects
650 ## - SUBJECT ADDED ENTRY--TOPICAL TERM
Topical term or geographic name as entry element Health
942 ## - ADDED ENTRY ELEMENTS (KOHA)
Koha item type Books
Source of classification or shelving scheme Library of Congress Classification
Call number prefix Foreign
Holdings
Withdrawn status Lost status Source of classification or shelving scheme Damaged status Home library Current library Shelving location Date acquired Total Checkouts Full call number Barcode Date last seen Copy number Price effective from Koha item type
    Library of Congress Classification   College Library College Library General Circulation Section 08/20/2002   GV 481 .G746 1996 C0425 05/15/2018 1 02/19/2014 Books

Make the connection :

APA

Greene B., . (23). Make the connection. United States: Paperback.

Chicago

Greene Bob, . 23. Make the connection. United States: Paperback.

Harvard

Greene B., . (23). Make the connection. United States: Paperback.

MLA

Greene Bob, . Make the connection. United States: Paperback. 23.

  • Place hold
  • Print
  • Cite
  • Add to your cart (remove)
  • Save record
    BIBTEX Dublin Core MARCXML MARC (non-Unicode/MARC-8) MARC (Unicode/UTF-8) MARC (Unicode/UTF-8, Standard) MODS (XML) RIS
  • More searches
    Search for this title in:
    Other Libraries (WorldCat) Other Databases (Google Scholar) Online Stores (Bookfinder.com) Open Library (openlibrary.org)

Exporting to Dublin Core...

SOUTHVILLE LIBRARY

Southville International School and Colleges Library

1281 Tropical Ave. Cor. Luxembourg St., BF Homes International, Las Pinas City

Tel. No. 8256374 / 252358 Loc. 117/146

Powered by Koha